160 - Nés(es) un 9 juin - Statistiques

Statistiques générales
  • Ce quiz a été pris 19 fois
  • Le résultat moyen est 3 sur 14
Statistiques - réponses
Hint Réponse % Correct
Chanteuse française notamment des titres "Göttingen, "L'Aigle noir", "Ma plus belle histoire d'amour". 1930 Barbara|Monique Serf
88%
Agent immobilier qui fait les audiences de la chaîne M6. 1970 Stéphane Plaza
53%
Elle donne la réplique à Jean Réno dans le film "Léon". 1981 Natalie Portman
41%
Arizona Dream et Jack Sparrow ont contribué à sa notoriété. 1963 Johnny Depp
35%
Acteur américain célèbre pour avoir joué dans "Retour vers le futur". 1961 Michael J. Fox|Michael Andrew Fox
29%
Perchiste français médaillé d'or aux Jeux Olympiques d'Atlanta en 1996. 1971 Jean Galfione
24%
Tsar de Russie en 1682 et empereur de toutes les Russies en 1721. 1672 Pierre Ier de Russie|Pierre le Grand
12%
Issu d'une famille de comédiens, il débute dans "La Totale". Il joua aussi dans "Michel Vaillant". 1974 Sagamore Stévenin
12%
Journaliste passionné de musique, il est aujourd'hui dirigeant de TV5 Monde. 1955 Yves Bigot
6%
Scénariste des films Des hommes d'honneur, "The Social Network", "Steve Jobs". 1961 Aaron Sorkin
0%
Acteur français dont l'émission "Au théâtre ce soir" la rendu célèbre. 1937 Francis Joffo
0%
Actrice française des années 50, elle joue dans le film "French Cancan" de Jean Renoir. 1931 Françoise Arnoul|Françoise Gautsch
0%
Journaliste français, récipiendaire du Grand Prix d'histoire de l'Académie française, auteur d'un livre référence sur la tauromachie. 1921 Jean Lacouture
0%
Secrétaire à la Défense sous les présidences Kennedy et Johnson puis président de la Banque mondiale. 1916 Robert McNamara
0%
Aucun quiz correspondant
Distribution des résultats
% des personnes avec chaque résultat
Percentile par nombre de réponses
Votre historique - résultats
Vous n’avez pas pris ce quiz